00505nam a2200145Ia 4500008004000000082001600040100001700056245005500073260003600128300000800164690001800172906001100190999001700201952014100218210210b1972 xxu||||| |||| 00| 0 eng d a361.65 MADW aMADAN (G R). aWelfare state and problems of democratic planning. aBombaybAllied Publishersc1972 a152 aPublic Action a032890 c84023d84023 001040708Social WorkaALbALcSocial Workd2021-02-17g20.00l1o361.65 MADWp032890r2025-06-30 08:40:06s2024-07-01w2021-02-17yBK